| 000 | 00488nmm a2200157Ia 4500 | ||
|---|---|---|---|
| 008 | 251105s9999||||xx |||||||||||||||||und|| | ||
| 041 | _aspa | ||
| 100 | _aMuñoz Rodríguez, Roberto | ||
| 245 | 0 | _aImpuesto de sociedades | |
| 264 |
_a[Madrid, España] : _bMinisterio de Educación, Cultura y Deporte de España, _c2017 |
||
| 300 | _a198 páginas | ||
| 490 | _aAula Mentor | ||
| 650 | _aEconomics and Business | ||
| 856 | _uhttps://public.digitaliapublishing.com/a/56236 | ||
| 942 | _cCF | ||
| 999 |
_c98445 _d98445 |
||